Following Muhammad : (رقم التسجيلة. 177360)

تفاصيل مارك
000 -LEADER
fixed length control field 01419namaa2200337 i 4500
003 - CONTROL NUMBER IDENTIFIER
control field EG-GICUC
005 - DATE AND TIME OF LATEST TRANSACTION
control field 20260104113846.0
008 - FIXED-LENGTH DATA ELEMENTS--GENERAL INFORMATION
fixed length control field 260104s2003 ncua|||gr|||| 001 0 eng d
020 ## - INTERNATIONAL STANDARD BOOK NUMBER
International Standard Book Number 0807828378
Qualifying information cloth : alk. paper
020 ## - INTERNATIONAL STANDARD BOOK NUMBER
International Standard Book Number 9780807828373
Qualifying information (cloth : alk. paper)
040 ## - CATALOGING SOURCE
Original cataloging agency EG-GiCUC
Language of cataloging eng
Transcribing agency EG-GiCUC
Modifying agency EG-GiCUC
Description conventions rda
082 04 - DEWEY DECIMAL CLASSIFICATION NUMBER
Edition number 21
Classification number 303.4821767101821
Item number E714
092 04 - LOCALLY ASSIGNED DEWEY CALL NUMBER (OCLC)
Edition number 21
Classification number 303.4821767101821
Item number E714
099 ## - LOCAL FREE-TEXT CALL NUMBER (OCLC)
Classification number 303.4821767101821 E714
100 1# - MAIN ENTRY--PERSONAL NAME
Personal name Ernst, Carl W.,
Dates associated with a name 1950-
Relator term Author.
245 10 - TITLE STATEMENT
Title Following Muhammad :
Remainder of title rethinking Islam in the contemporary world /
Statement of responsibility, etc. Carl W. Ernst.
264 ## - PRODUCTION, PUBLICATION, DISTRIBUTION, MANUFACTURE, AND COPYRIGHT NOTICE
Place of production, publication, distribution, manufacture Chapel Hill :
Name of producer, publisher, distributor, manufacturer University of North Carolina Press,
Date of production, publication, distribution, manufacture, or copyright notice 2003.
300 ## - PHYSICAL DESCRIPTION
Extent xxv, 244 pages :
Other physical details Illustrations ;
Dimensions 22 cm.
336 ## - CONTENT TYPE
Source rdacontent
Content type term text
337 ## - MEDIA TYPE
Source rdamedia
Media type term Unmediated
338 ## - CARRIER TYPE
Source rdacarrier
Carrier type term volume
490 ## - SERIES STATEMENT
Series statement Islamic civilization & Muslim networks
504 ## - BIBLIOGRAPHY, ETC. NOTE
Bibliography, etc. note Includes bibliographical references and index.
505 ## - FORMATTED CONTENTS NOTE
Formatted contents note Islam in the eyes of the West -- Approaching Islam in terms of religion -- The sacred sources of Islam -- Ethics and life in the world -- Spirituality in practice -- Postscript: reimagining Islam in the twenty-first century.
541 ## - IMMEDIATE SOURCE OF ACQUISITION NOTE
Source of acquisition Dr. Jabir Usfour ;
Address Cairo ;
Method of acquisition Gift ;
Date of acquisition 2024.
650 1# - SUBJECT ADDED ENTRY--TOPICAL TERM
Topical term or geographic name entry element Islam
Chronological subdivision 21st century.
Source of heading or term qrmak
650 1# - SUBJECT ADDED ENTRY--TOPICAL TERM
Topical term or geographic name entry element Islam
General subdivision Essence, genius, nature.
651 1# - SUBJECT ADDED ENTRY--GEOGRAPHIC NAME
Source of heading or term qrmak
905 ## - Cataloger and Reviser Names
Cataloger Name Asmaa
942 ## - ADDED ENTRY ELEMENTS (KOHA)
Source of classification or shelving scheme Dewey Decimal Classification
Koha item type Books
Edition 21
Suppress in OPAC No
المقتنيات
Withdrawn status Lost status Source of classification or shelving scheme Damaged status Not for loan Home library Current library Date acquired Inventory number Total checkouts Full call number Barcode Date last seen Price effective from Koha item type
    Dewey Decimal Classification   Not for loan المكتبة المركزبة الجديدة - جامعة القاهرة قاعة المكتبات المهداة - الدور الرابع 04.01.2026 206576   303.4821767101821 E714 J.U. 01000110206576000 04.01.2026 04.01.2026 Books
Cairo University Libraries Portal Implemented & Customized by: Eng. M. Mohamady Contacts: new-lib@cl.cu.edu.eg | cnul@cl.cu.edu.eg
CUCL logo CNUL logo
© All rights reserved — Cairo University Libraries
CUCL logo
Implemented & Customized by: Eng. M. Mohamady Contact: new-lib@cl.cu.edu.eg © All rights reserved — New Central Library
CNUL logo
Implemented & Customized by: Eng. M. Mohamady Contact: cnul@cl.cu.edu.eg © All rights reserved — Cairo National University Library